Câu hỏi và bài tập môn thuế

Đã lưu trong:
Sonraí Bibleagrafaíochta
Príomhúdar: Lê, Xuân Trường, TS
Formáid: Leabhar
Foilsithe: Tài chính 2007
Clibeanna: Cuir Clib Leis
Gan Chlibeanna, Bí ar an gcéad duine leis an taifead seo a chlibeáil!
Thư viện lưu trữ: Mạng thư viện Đại học Đà Nẵng
LEADER 00601nam a2200229 a 4500
001 000029621
003 29239
005 20171030145630.0
008 171030s2007
020 |c 25000 
040 |a LTT 
082 0 |a 336.2  |b LÊ-T 
100 1 |a Lê, Xuân Trường, TS 
245 0 0 |a Câu hỏi và bài tập môn thuế  |c Lê Xuân Trường chủ biên, Vương Thị Thu Hiền. 
260 |b Tài chính  |c 2007 
OWN |a LTT 
999 |a From the UDN01 
TYP |a Monograph 
TYP |a Printed language 
980 |a Mạng thư viện Đại học Đà Nẵng